| 000 | 00952cam a22003138i 4500 | ||
|---|---|---|---|
| 001 | 18389192 | ||
| 003 | PILC | ||
| 005 | 20160328152121.0 | ||
| 008 | 141128s2015 enk b 001 0 eng | ||
| 010 | _a 2014046359 | ||
| 020 | _a9781138021587 (hardback : alk. paper) | ||
| 020 | _a9781138021600 (pbk. : alk. paper) | ||
| 020 | _z9781315695747 (ebook : alk. paper) | ||
| 040 |
_aDLC _beng _cDLC _erda |
||
| 042 | _apcc | ||
| 050 | 0 | 0 |
_aRA 1148 _b.T39 2015 |
| 082 | 0 | 0 | _a614/.15 |
| 100 | 1 | _aTaylor, Sandra. | |
| 245 | 1 | 0 |
_aForensic psychology : _bthe basics / _cSandra Taylor. |
| 260 |
_aLondon : _bRoutledge, _c2015. |
||
| 263 | _a1505 | ||
| 300 |
_a237 pages ; _c20 cm. |
||
| 490 | 0 | _aThe basics | |
| 500 | _aIncludes bibliographical references and index. | ||
| 650 | 0 | _aForensic psychology. | |
| 906 |
_a7 _bcbc _corignew _d1 _eecip _f20 _gy-gencatlg |
||
| 942 |
_2lcc _cBK |
||
| 999 |
_c292848 _d292848 |
||